De albéitares y veterinarios en la ciudad de Olite (Record no. 185388)

MARC details
000 -LEADER
campo de control de longitud fija 00857nam a2200229 i 4500
001 - NÚMERO DE CONTROL
campo de control 185388
003 - IDENTIFICADOR DE NÚMERO DE CONTROL
campo de control SpMaBN
005 - FECHA Y HORA DE LA ÚLTIMA TRANSACCIÓN
campo de control 20230906222423.0
008 - DATOS DE LONGITUD FIJA--INFORMACIÓN GENERAL
campo de control de longitud fija 160527s2015 sp ao |||| |cspa d
020 ## - NÚMERO INTERNACIONAL ESTÁNDAR DEL LIBRO
Número Internacional Estándar del Libro 978-84-608-3723-7
080 ## - NÚMERO DE LA CLASIFICACIÓN DECIMAL UNIVERSAL
Número de la Clasificación Decimal Universal 636.09:614.25(460.16 Olite)"1549/1976"
080 ## - NÚMERO DE LA CLASIFICACIÓN DECIMAL UNIVERSAL
Número de la Clasificación Decimal Universal 908(460.16 Olite)
100 1# - ENTRADA PRINCIPAL--NOMBRE DE PERSONA
Nombre de persona Etxaniz Makazaga, José-Manuel.
9 (RLIN) 137731
245 10 - MENCIÓN DEL TÍTULO
Título De albéitares y veterinarios en la ciudad de Olite
Resto del título : (1549-1976) /
Mención de responsabilidad, etc. José Manuel Etxaniz Makazaga.
260 ## - PUBLICACIÓN, DISTRIBUCIÓN, ETC.
Lugar de publicación, distribución, etc. [Donostia-San Sebastián] :
Nombre del editor, distribuidor, etc. Colegio Oficial de Veterinarios de Gipuzkoa,
Fecha de publicación, distribución, etc. 2015.
300 ## - DESCRIPCIÓN FÍSICA
Extensión 101 p. :
Otras características físicas il. ;
Dimensiones 30 cm.
504 ## - NOTA DE BIBLIOGRAFÍA, ETC.
Nota de bibliografía, etc. Referencias bibliográficas.
650 #7 - PUNTO DE ACCESO ADICIONAL DE MATERIA--TÉRMINO DE MATERIA
Término de materia o nombre geográfico como elemento de entrada Veterinarios-
Subdivisión geográfica Olite.
9 (RLIN) 161621
651 #4 - PUNTO DE ACCESO ADICIONAL DE MATERIA--NOMBRE GEOGRÁFICO
Nombre geográfico Olite-
Subdivisión general Descripción.
9 (RLIN) 159679
710 2# - ENTRADA AGREGADA--NOMBRE DE ENTIDAD CORPORATIVA
Nombre de entidad corporativa o nombre de jurisdicción como elemento de entrada Colegio Oficial de Veterinarios de Gipuzkoa.
9 (RLIN) 138774
852 ## - LOCALIZACIÓN
Ubicación ES-MaACL
Número de control de estantería 2330-F-21
Holdings
Estatus retirado Estado de pérdida Estado de daño No para préstamo Colección Biblioteca de origen Biblioteca actual Ubicación en estantería Fecha de adquisición Fuente de adquisición Total de préstamos Signatura topográfica completa Código de barras Visto por última vez Precio de reemplazo Tipo de ítem Koha
        Colección de folletos Biblioteca del Ateneo de Madrid Biblioteca del Ateneo de Madrid Depósito folletos 27/05/2016     2330-F-21 1195316 23/02/2023 23/02/2023 Folleto